书目信息 |
| 题名: |
公共关系学
|
|
| 作者: | 于朝晖 , 邵喜武 主编 | |
| 分册: | ||
| 出版信息: | 北京 中国林业出版社 2008.03 |
|
| 页数: | 401页 | |
| 开本: | 23cm | |
| 丛书名: | 21世纪全国应用型本科财经管理系列实用规划教材 | |
| 单 册: | ||
| 中图分类: | C912.3 | |
| 科图分类: | ||
| 主题词: | 公共关系学--gong gong guan xi xue--高等学校--教材 | |
| 电子资源: | ||
| ISBN: | 978-7-5038-5022-6 | |
| 000 | 01123nam 2200277 450 | |
| 001 | 012008560195 | |
| 005 | 20080424183006.48 | |
| 010 | @a978-7-5038-5022-6@dCNY40.00 | |
| 100 | @a20080424d2008 em y0chiy0120 ea | |
| 101 | 0 | @achi |
| 102 | @aCN@b110000 | |
| 105 | @ak a 000yy | |
| 106 | @ar | |
| 200 | 1 | @a公共关系学@Agong gong guan xi xue@f于朝晖, 邵喜武主编@Fyu zhao hui,shao xi wu zhu bian |
| 210 | @a北京@c中国林业出版社@d2008.03 | |
| 215 | @a401页@d23cm | |
| 225 | 2 | @a21世纪全国应用型本科财经管理系列实用规划教材@A21 shi ji quan guo ying yong xing ben ke cai jing guan li xi lie shi yong gui hua jiao cai |
| 320 | @a有书目 (第400-401页) | |
| 330 | @a全书以公关理论,公关过程,公关实务和公关应用为主线,共分4篇12章。本书吸收了当前国内外公共关系学的最新研究成果,强化了公共关系基本技能和应用策略。 | |
| 410 | 0 | @12001 @a21世纪全国应用型本科财经管理系列实用规划教材 |
| 606 | 0 | @a公共关系学@Agong gong guan xi xue@x高等学校@j教材 |
| 690 | @aC912.3@v4 | |
| 701 | 0 | @a于朝晖@Ayu zhao hui@4主编 |
| 701 | 0 | @a邵喜武@Ashao xi wu@4主编 |
| 801 | 0 | @aCN@bQSSK@c20080424 |
| 905 | @b297532-34@dC912.3@eY701@f3 | |
| 公共关系学/于朝晖, 邵喜武主编.-北京:中国林业出版社,2008.03 |
| 401页;23cm.-(21世纪全国应用型本科财经管理系列实用规划教材) |
| ISBN 978-7-5038-5022-6:CNY40.00 |
| 全书以公关理论,公关过程,公关实务和公关应用为主线,共分4篇12章。本书吸收了当前国内外公共关系学的最新研究成果,强化了公共关系基本技能和应用策略。 |
| ● |
| 相关链接 |
|
|
|
正题名:公共关系学
索取号:C912.3/Y701
 
预约/预借
| 序号 | 登录号 | 条形码 | 馆藏地/架位号 | 状态 | 备注 |
| 1 | 297532 | 202975325 | 社科库509/509社科库 59排5列1层/ [索取号:C912.3/Y701] | 在馆 | |
| 2 | 297533 | 202975334 | 社科库509/509社科库 59排5列1层/ [索取号:C912.3/Y701] | 在馆 | |
| 3 | 297534 | 202975343 | 社科库509/509社科库 59排5列1层/ [索取号:C912.3/Y701] | 在馆 |